000 00556nam a2200193Ia 4500
005 20250326144752.0
008 250326s9999 xx 000 0 und d
020 _a1-56414-507-7
037 _aTextbook
040 _aFMSL
_beng
_cFMSL
041 _aeng
_2eng
084 _aX:510bD658(2:55)g P1
_qFMSL
100 _aColombo George
_9750079
245 0 _aCapturing Customers.com
_cColombo George
260 _aU.S.A
_bU.S.A, Career Press
_c2000
300 _a223p
942 _cTB
_hX:510bD658(2:55)g P1
999 _c1304966
_d1304966